000 00531nam a2200193Ia 4500
005 20260429112034.0
008 260429s9999||||xx |||||||||||||| ||und||
020 _a9781804893241
041 _aEnglish
082 _a005.74
_bDRA
100 _aDrake, Jaxon
245 0 _aData engineering with python /
_cJaxon Drake
260 _aUnited Kingdom :
_bBrilliant Publication Ltd. ,
_c2025.
300 _avii, 296 p.; hb
650 _a Data science
650 _a Python programming
650 _aData engineering
942 _cTB
999 _c52027
_d52027